| 000 | 00369 a2200121 4500 | ||
|---|---|---|---|
| 001 | ART_47954 | ||
| 005 | 20260410161631.0 | ||
| 008 | 260409a | ||
| 245 | 1 | 0 | _aEl ajuste por inflación en Argentina. Resolución general de FACPCE 539/18 |
| 100 | 1 | _aDíaz, Teresa | |
| 700 | 1 | _aPozzi, Nélida B. | |
| 773 | 0 |
_tEnfoques _g- N°11 (nov. 2018) _wREV416 |
|
| 999 |
_c12424 _d12424 |
||